|
|
|
|
| LEADER |
01568nam a2200373 a 4500 |
| 001 |
EBC3415160 |
| 003 |
MiAaPQ |
| 005 |
20200520144314.0 |
| 006 |
m o d | |
| 007 |
cr cn||||||||| |
| 008 |
130502s2010 ne s 101 0 eng d |
| 020 |
|
|
|z 9789086861521
|
| 020 |
|
|
|z 9789086867080 (e-book)
|
| 035 |
|
|
|a (MiAaPQ)EBC3415160
|
| 035 |
|
|
|a (Au-PeEL)EBL3415160
|
| 035 |
|
|
|a (CaPaEBR)ebr10688290
|
| 035 |
|
|
|a (OCoLC)923506158
|
| 040 |
|
|
|a MiAaPQ
|c MiAaPQ
|d MiAaPQ
|
| 043 |
|
|
|a e------
|
| 050 |
|
4 |
|a SF55.E85
|b E97 2010
|
| 110 |
2 |
|
|a European Association for Animal Production.
|b Meeting
|n (61st :
|d 2010 :
|c Heraklion, Crete Island, Greece)
|
| 245 |
1 |
0 |
|a Book of abstracts of the 61st annual meeting of the European Association for Animal Production
|h [electronic resource] :
|b Heraklion, Crete Island, Greece, August 23rd-27th, 2010.
|
| 260 |
|
|
|a Wageningen, The Netherlands :
|b Wageningen Academic Publishers,
|c 2010.
|
| 300 |
|
|
|a lxxix, 396 p.
|
| 490 |
1 |
|
|a Book of abstracts,
|x 1382-6077 ;
|v no. 16
|
| 500 |
|
|
|a Includes index.
|
| 533 |
|
|
|a Electronic reproduction. Ann Arbor, MI : ProQuest, 2015. Available via World Wide Web. Access may be limited to ProQuest affiliated libraries.
|
| 650 |
|
0 |
|a Livestock
|z Europe
|v Congresses.
|
| 650 |
|
0 |
|a Animal genetics
|v Congresses.
|
| 650 |
|
0 |
|a Animal nutrition
|z Europe
|v Congresses.
|
| 655 |
|
4 |
|a Electronic books.
|
| 710 |
2 |
|
|a ProQuest (Firm)
|
| 830 |
|
0 |
|a EAAP book of abstract series ;
|v no. 16.
|
| 856 |
4 |
0 |
|u https://ebookcentral.proquest.com/lib/matrademy/detail.action?docID=3415160
|z Click to View
|